MDQL
is popping MORE tags! Check the
thread
!
Quizzes
Events
Quiz Creation
Community
Videos
Private Events
Remove Ads
Sign In
Join for FREE
Feedback
Dark Mode
Quiz Categories
Sports
Geography
Music
Movies
Television
Just For Fun
Miscellaneous
History
Literature
Language
Science
Gaming
Entertainment
Religion
Holiday
For Kids
Quiz Lab
Recent
Popular Today
Quiz Kudos Today
Editor Picks
Curator Picks
Quizzes by...
Day
Popularity
Type
Ratings
Length
Year
Community
Subscriptions
Recent Discussions
Orange Saloon
Badges
Playlists
Quests
Create
Leaderboards
Showdown
Live 5
Trivia Bingo
Activity
Puzzle Library
Sporcle Events
Private Events
Virtual Trivia
Globe League
Become a Host
Pub Owners
SporcleCon
Opinionation
Our Games
Videos
Blog
Mobile Apps
Partnerships
Remove Ads and Go Orange
Feedback
Television
TV Characters
TV Show
Sitcom
Network
Friends
Reality Shows
Cast
South Park
Star Trek
The Simpsons
Doctor Who
Television
TV Characters
TV Show
Sitcom
Network
Friends
Reality Shows
Cast
South Park
Star Trek
The Simpsons
Doctor Who
Random Quiz
Search Sporcle
×
Quiz Lab
Quiz Lab
Television
group
Type in answers that appear in a list
Type in answers that appear in a list
Classic
Best Score? Go Orange.
The Ultimate Oz Test Stats
Can you name the characters from HBO's Oz?
By
DaHumorist
8m
77 Questions
1,623 Plays
1,623 Plays
1,623 Plays
Comments
Comments
Give Quiz Kudos
Give Quiz Kudos
-
- Ratings
hide this ad
Replay
Link that replays current quiz
Next Quiz
Link to next quiz in quiz playlist
You Got
0%
They Got
Avg Score
45%
Avg Friend Score
Upgrade to see
Score Distribution
Jump to the score distribution portion of the page
Score
0/77
Timer
08:00
0
Plays Today
Group
Character
% Correct
Staff
Tim McManus
91.1%
Staff
Sister Peter Marie Reimondo
88.7%
Staff
Leo Glynn
84.9%
Others
Tobias Beecher
84.3%
Irish
Ryan O'Reily
81%
Irish
Cyril O'Reily
79.5%
Homeboys
Simon Adebisi
76.5%
Others
Chris Keller
76.4%
Aryans & Bikers
Vernon Schillinger
75.4%
Homeboys
Arnold 'Poet' Jackson
74.1%
Aryans & Bikers
Andrew Schillinger
73.5%
Latinos
Miguel Alvarez
71.8%
Muslims
Kareem Said
71.1%
Homeboys
Augustus Hill
69.7%
Irish
Seamus O'Reily
69.6%
Staff
Dr. Gloria Nathan
69.4%
Homeboys
Kenny 'Bricks' Wangler
67.6%
Staff
Governor James Devlin
65.6%
Staff
Father Ray Mukada
64.5%
Others
Agamemnon Busmalis
61.4%
Others
Robert 'Bob' Rebadow
60.6%
Italians
Peter Schibetta
59.6%
Italians
Nino Schibetta
59.5%
Italians
Chucky Pancamo
57.9%
Staff
Martin Querns
56.1%
Others
Shirley Bellinger
55.6%
Aryans & Bikers
Jaz Hoyt
55.3%
Italians
Antonio Nappa
52.9%
Homeboys
Omar White
52.3%
Aryans & Bikers
James Robson
52.2%
Homeboys
Jefferson Keane
51.8%
Staff
Officer Claire Howell
51.1%
Staff
Officer Sean Murphy
50.3%
Latinos
Raoul 'El Cid' Hernandez
48.4%
Homeboys
Burr Redding
46.7%
Homeboys
Supreme Allah
45.5%
Irish
Timmy Kirk
45.3%
Staff
Officer Clayton Hughes
45%
Italians
Dino Ortolani
44.5%
Group
Character
% Correct
Latinos
Enrique Morales
44.1%
Others
Reverend Jeremiah Cloutier
43.3%
Homeboys
Jackson Vahue
41.8%
Staff
Officer Karl Metzger
39.5%
Aryans & Bikers
Scott Ross
39.1%
Homeboys
Desmond Mobay/Johnny Basil
38.5%
Others
Donald Groves
38.5%
Muslims
Zahir Arif
38.3%
Latinos
Carmen 'Chico' Guerra
36.5%
Staff
Officer Dave Brass
34.8%
Others
William Giles
34.4%
Staff
Alvah Case
33.9%
Aryans & Bikers
Mark Mack
32.7%
Muslims
Hamid Khan
32.7%
Staff
Officer Diane Wittlesey
32.4%
Staff
Officer Len Lopresti
32.3%
Homeboys
Johnny Post
32.1%
Latinos
Carlos Martinez
26.9%
Others
Lemuel Idzik
25.5%
Others
Nikolai Stanislofsky
25.1%
Latinos
Carlo Ricardo
23.3%
Homeboys
Moses Deyell
22.2%
Aryans & Bikers
Franklin Winthrop
21.7%
Gays
Alonzo Torquemada
20.5%
Others
Alvin Yood
20.1%
Homeboys
Junior Pierce
19.7%
Gays
Jason Cramer
18.2%
Irish
Father Daniel Meehan
17.2%
Gays
Richie Hanlon
16.8%
Gays
Nat Ginzburg
16.7%
Others
Eugene Dobbins
15.5%
Others
Greg Penders
15.2%
Irish
Padraig Connolly
14.7%
Gays
Fiona Zonioni
14.4%
Others
Glen Shupe
13.5%
Homeboys
Reggie Rawls
12.1%
Others
Henry Stanton
11.8%
Gays
Tony Masters
10.4%
Quiz Playlist
Details
Report
Send in Message
Add To Playlist
Classic:
Type in answers that appear in a list
Last Updated: Feb 16, 2017
Quiz Scoreboard
CHALLENGE
Sign Up to Join the Scoreboard
Show All
Scores
Hide
Comments
May contain spoilers
Recently Published
Holiday 10x10 Sorting Gallery
by lukepisani3
Holiday
15m
Two Season TV Shows II
by 123Four
Television
10m
Image Sorting: Flags VI
by Barbecue
Geography
2m
More to Explore
Quiz From the Vault
Featured Blog Post
14 Easter Pick-up Lines to Find Eggs With
hide this ad
You Might Also Like...
Tags
Character
group
hbo
test
ultimate
Today's Top Quizzes in Television
Browse Television
hide this ad
Today's Top Quizzes in group
Browse group
Top Contributed Quizzes in Television
1
Survivor Journey Challenge
2
Even More Two Season TV Shows
3
Adjectives in 00s TV Shows
4
Even More Three Season TV Shows
5
Survivor Logic Puzzle: Heroes vs. Villains
6
Adjectives in 10s TV Shows
7
One Season TV Shows
8
One Piece Logic Puzzle
9
Brooklyn Nine Nine Logic Puzzle (How-To-Play)
10
Click the SpongeBob Episodes (Season 3)
Explore More
Trending Topics
Kpop
Harry Potter
NBA
Anime
Crossword
Marvel
Disney
Puzzle
Song
The Office
WWE
Pokémon
Country
Soccer
NFL
hide this ad
More By:
DaHumorist
Quiz
Plays
Rating
Category
Featured
Created
Christian's WWF/WWE PPV opponents
11,780
4.18
Sports
Dec 5, 2009
Dolph Ziggler's WWE PPV opponents
8,516
4.69
Entertainment
Oct 27, 2010
The Miz's WWE PPV opponents
4,019
3.83
Entertainment
Jun 4, 2011
WWE PPV opponents of Shelton Benjamin
3,676
4.00
Entertainment
Feb 24, 2010
Wu-Tang Clan Members (clickable)
3,270
4.30
Music
Apr 8, 2012
Go to Creator's Profile
Score Distribution
Quiz Creator Spotlight
DaHumorist
Follow
Send a Message
Quizzes Created
-
Created Quiz Play Count
-
More By This Creator
Popular Quizzes Today
1
Find the US States - No Outlines Minefield
2
Colored Red Africa Blitz
3
Find the 'City' Movie
4
The Countries of the World
5
Find the US States
6
5x2 Blitz: Bands
7
Find the Countries of Europe - No Outlines Minefield
8
US States
More Television Quizzes
4 Decades of TV Show Premieres VI
Published
Trending Quizzes
Colored Red Europe Blitz I
Colored Red Europe Blitz II
Colored Red Africa Blitz II
Colored Red Europe Blitz III
Colored Red Africa Blitz III
Recently Updated
Odd Team Out - Big 4 Players
pecheneg
Quick Pick: 20 Twenties
pecheneg
March Madness Men's Triple Doubles
pecheneg
How Do You Spell That?
pecheneg
Godzilla Movies
pecheneg
Grab Bag: 4-10 Letters
pecheneg
2024 March Madness Bracket
pecheneg
Famous TV Couples
Peacemaker
Champions League XIs: Real Madrid
pecheneg
Largest US Cities 1790-2010
pecheneg
Trending Topics
Harry Potter
Crossword
Disney
Marvel
NBA
Anime
Kpop
The Office
Puzzle
WWE
Soccer
Country
Song
Pokémon
NFL
Your Account Isn't Verified!
In order to create a playlist on Sporcle, you need to verify the email address you used during registration. Go to your
Sporcle Settings
to finish the process.
Report this User
Report this user for behavior that violates our
Community Guidelines
.
Details:
Send Report
Go to the Sporcle.com Mobile Site →
Comments